[Event "CB-Emu swiss"]
[Site "?"]
[Date "2017.03.17"]
[Round "?"]
[White "Amsterdam, Mephisto"]
[Black "Hyprachess, C64."]
[Result "1-0"]
[WhiteElo "2030"]
[BlackElo "1600"]
[Annotator "Fritz 15 (60s)"]
[PlyCount "27"]
[EventDate "2017.??.??"]
[TimeControl "40/7200:40/7200:40/7200"]

{B06: Moderne Verteidigung} 1. e4 g6 2. d4 e6 3. Nc3 {0.60/1 (b1c3 d7d5 g1f3)
73} Bg7 4. Nf3 {0.68/1 (g1f3 d7d5 g1f3) 319} Ne7 5. Be2 {0.64/1 (f1e2 d7d5
f1e2) 356} O-O 6. Bg5 $146 {0.72/1 (c1g5 d7d5 e4d5) 71} (6. O-O f5 (6... b6 7.
Bf4 (7. Be3 Bb7 8. Bd3 d6 9. Ne2 Nd7 10. c3 c5 11. b3 Qc7 12. Rc1 Rac8 13. Qd2
Rfe8 14. Ng3 Nf6 15. Rfe1 Nc6 16. Be2 Qb8 17. d5 exd5 18. exd5 Ne5 19. c4 b5
20. Rb1 bxc4 21. bxc4 Qc7 {Choremska,Z-Chadzynska,M Mielno 2011 0-1 (81)}) 7...
d6 8. Qd2 Bb7 9. Bh6 Nd7 10. Bxg7 Kxg7 11. Rad1 a6 12. h3 b5 13. a3 Nc8 14. Qe3
Ncb6 15. Nd2 Qe7 16. f4 Rae8 17. e5 d5 18. g4 c5 19. Nf3 cxd4 20. Nxd4 Rc8 21.
Bd3 {Olsarova,T (1958)-Podlesny,P (2148) Karvina 2006 0-1 (39)}) (6... d5 7.
exd5 exd5 8. Re1 Nbc6 9. Nb5 a6 10. Na3 b5 11. c3 b4 12. Nc2 a5 13. Bb5 Rb8 14.
Ba4 Bd7 15. Bg5 h6 16. Bxc6 hxg5 17. Bxd7 Qxd7 18. Nxg5 Rfe8 19. Ne3 Nf5 20.
Qd2 Nxe3 21. Rxe3 {Volovitch,V-Migdal,B Germany 1996 1-0 (48)}) 7. Re1 fxe4 8.
Nxe4 b6 9. Bf1 Bb7 10. c3 Nd5 11. g3 Nf6 12. Ned2 Na6 13. Bg2 c5 14. Ne5 Bxg2
15. Kxg2 cxd4 16. cxd4 Nb4 17. a3 Nbd5 18. Ndf3 Rc8 19. Bd2 d6 20. Nd3 Qd7 {
Noboa Silva,K (1712)-Olivares Quezada,M (1809) Montevideo 2014 1-0 (41)}) 6...
Nbc6 7. d5 {0.84/1 (d4d5 e6d5 e4d5) 310} exd5 8. exd5 Nb4 9. Bc4 {0.50/1 (e2c4
h7h6 g5h4) 172} d6 {Schwarz hat eine gedrückte Stellung} 10. a3 {0.76/1 (a2a3
h7h6 g5e3) 150. Weiß droht Materialgewinn: a3xb4} Na6 {Schwarz hat eine
gedrückte Stellung} 11. O-O {0.84/1 (e1g1 h7h6 g5f4) 369} (11. Qd2 Nc5 $14)
11... Bxc3 (11... h6 12. Bd2 $11) 12. bxc3 $14 {0.88/1 54 (b2c3 f7f6 g5h6).
Weiß hat das Läuferpaar} Bf5 $2 (12... Nc5 $5 $14 {kommt in Betracht}) 13.
Bh6 {1.88/1 (g5h6 d8d7 d1d4) 403} (13. Qd4 $142 $5 f6 14. Bxf6 $18) 13... Re8
$4 {Schwarz verkürzt seine Leiden} (13... Nc5 $142 $16) 14. Qd4 (14. Qd4 f6
15. Qxf6 Qd7 16. Qg7#) 1-0

[Event "CB-Emu swiss"]
[Site "?"]
[Date "2017.03.18"]
[Round "1"]
[White "Cyrus II, C64."]
[Black "Monte Carlo IV LE, Mephisto"]
[Result "1/2-1/2"]
[WhiteElo "1600"]
[BlackElo "2060"]
[Annotator "Fritz 15 (60s)"]
[PlyCount "110"]
[EventDate "2017.??.??"]

{D06: Damengambit (Seltene Züge)} 1. d4 d5 2. c4 e6 3. cxd5 exd5 4. Nc3 Bf5 5.
Nf3 Nc6 6. Bg5 Be7 7. Bxe7 {Auch wenn bei beiden das Buch gerade mal bis zum 4.
Zug gereicht hat, ist das doch alles in der Theorie bekannt.} Ngxe7 8. e3 O-O
9. Bd3 {Der erste Zug, den ich so nicht kenne. Üblicherweise spielt man Le2
oder Tc1. Doch es würde zu weit gehen den Zug als schlecht zu bezeichnen. Ganz
im Gegenteil denke ich, dass der Weisse hier besser aus der Eröffnung gegommen
ist.} (9. Be2 Nc8 (9... a6 10. O-O b5 11. h3 Qd6 12. Rc1 Na5 13. b3 Nb7 14. Bd3
Bxd3 15. Qxd3 h6 16. e4 c5 17. e5 Qe6 18. dxc5 Nxc5 19. Qe3 Rac8 20. Nd4 Qd7
21. f4 b4 22. Nce2 Ne4 23. Rxc8 Rxc8 24. f5 {Pogorelov,R (2422)-Touceda Torres,
J Madrid ESP 2012 1-0 (35)}) 10. O-O a5 11. Rc1 N6e7 12. Nh4 c6 13. Nxf5 Nxf5
14. Bd3 Ncd6 15. Qg4 g6 16. Rfd1 Ng7 17. a3 f5 18. Qh3 Qe7 19. Re1 Rae8 20. b4
axb4 21. axb4 Ne6 22. f4 b5 23. Qf3 Ne4 {Rakic,T (2460)-Kovacevic,V (2495)
Pula 1982 0-1 (41)}) 9... Bxd3 10. Qxd3 Nb4 {Schwarz droht Materialgewinn:
Sb4xd3} 11. Qe2 $146 (11. Qd2 a5 12. O-O c6 13. Ne5 Qc7 14. Rac1 f6 15. Nd3 b6
16. Rfe1 Qd6 17. a3 Na6 18. Na4 Rab8 19. b4 axb4 20. axb4 Nc7 21. Ra1 Nb5 22.
Nc3 Nxc3 23. Qxc3 Ra8 24. Ra3 Qd7 25. Rea1 Qb7 {Miroiu,G (2066)-Csillag,I 
(1984) Mangalia 2007 0-1 (39)}) 11... a6 {Ich weiss nicht so recht, ob ich
mich mit diesem Zug anfreunden kann. 12. ...c6 zur Stützung des Zentrums
erscheint mir solider.} 12. a3 {Weiß droht Materialgewinn: a3xb4} Nbc6 13. Qd3
{Solide und verdirbt nichts, aber eigentlich sinnlos.} Qd6 {Aber auch der
Monte Carlo ist nicht so auf Krawall gebürstet. Sg6 nebst Tfe8 kommt mir
besser vor} 14. O-O f5 15. Na4 {Über Sinn und Unsinn lässt sich hier
vortrefflich streiten. Cyrus will nach c5, auch wenn es lediglich dazu dienen
kann für etwas Unruhe am Damenflügel zu sorgen. Richtige Angriffspunkte gibt
es da nicht.} f4 {Schwarz hat eine aktive Stellung} 16. Nc5 fxe3 17. fxe3 {
Die weiße Königssicherheit hat sich verschlechtert.} Rab8 {Da gab es besseres.
Dh6 mit Druck gegen e3 wäre vielleicht etwas sinnvoller.} (17... Nd8 18. Rac1
$16) 18. Ng5 $5 {schön gespielt. Ein Springer auf e6 kann für den Schwarzen
ziemlich lästig sein.} Ng6 19. Rxf8+ Nxf8 {geschickt hat sich Cyrus in eine
sehr gute Stellung gemogelt. Die schwarzen Kräfte sind alle irgendwie gebunden
und können sich nicht entfalten.} 20. Rf1 {Keine Atempause geben...} h6 $4 {
Ein grober Schnitzer des Monte Carlo. Das müsste jetzt die Partie kosten..
verschlechtert die Stellung weiter} (20... Qg6 21. Qxg6 hxg6 22. h4 $16) 21.
Nf7 $4 {Und der Beobachtende ist der Verzweiflung nahe. Der Cyrus sieht es
nicht. 21. Txf8 Kxf8 22. Df5+ Kg8 23. Dh7+ Kf8 24. Sce6+ und Schwarz könnte
aufgeben. Aber diese Kombination ist für den 8bitter scheinbar zu tief, zumal
die Frühwerke von Big Richard ja nun auch nicht wirklich für ihre taktische
Schlagkraft bekannt sind.} (21. Rxf8+ Kxf8 22. Qf5+ Qf6 23. Nh7+ Kf7 24. Nxf6
g6 25. Qe6+ Kg7 26. Nfd7 Rf8 27. Nxf8 Kxf8 28. Nd7+ Kg7 29. Qf6+ Kh7 30. Qf7+
Kh8 31. Qf8+ Kh7 32. Nf6#) 21... Qe7 $16 22. Rf3 Qh4 23. Ne5 $4 {Warum nicht
h3? Der Springer war dort durchaus störend. Nun kommt Schwarz doch noch ins
Spiel. danach kann Weiß alle Träume begraben} (23. h3 $142 $16) 23... Nxe5 $11
24. dxe5 c6 25. Qd4 {Weiß droht Materialgewinn: Dd4xh4} Ng6 {Der Zug ist zwar
völlig OK, aber rein gefühlsmäßig hätte ich De7 den Vorzug gegeben. Spielt
Weiss jetzt e6, gibt es wieder Raum für positionelle Fehlgriffe des Schwarzen.}
(25... Qe7 26. Nd3 $11) 26. e6 {Und da ist er auch schon...} Qg5 27. b4 Rf8 28.
Rxf8+ Nxf8 29. Qf4 Qe7 30. Qf7+ {Nun will er es wohl im Endspiel versuchen.
Bleibt zu hoffen, dass das positionelle Wissen des Cyrus der reinen
Rechenkraft des Monte Carlo gewachsen ist, der jetzt regelmäßig bis Tiefe 10
oder 11 kommt.} (30. Qb8 Kh7 $14) 30... Qxf7 $11 31. exf7+ Kxf7 32. Nxb7 {
Ein Springerendspiel ist entstanden} Ne6 33. Kf2 Kf6 {Das sieht nun alles sehr
remislich aus, aber ich traue dem Elo-Unterschied von über 400 Punkten noch
nicht ganz...} 34. Ke2 Ke5 35. g4 {Beide müssen nun sehr genau spielen. Eine
Ungenauigkeit und die Partie kippt.} g6 36. Kd3 $2 {Die Opposition aufzugeben
ist vielleicht nicht die klügste Entscheidung, aber noch ist das Kind nicht in
den Brunnen gefallen.} h5 37. gxh5 gxh5 38. h4 $2 {Und da ist es passiert. Die
Partie kippt zu Gunsten des Schwarzen.} (38. Ke2 $142 $5 $11 {und Weiß kann
noch kämpfen}) 38... Kf5 $17 39. Na5 Kg4 $2 {zu ambitioniert. Se8 war besser.
Der h-Bauer hatte keine Eile. Die Beurteilung, ob Weiss jetzt wieder
ausgleichen kann, überlasse ich mal der Chessbase-Engine.... Schwarz droht
Materialgewinn: Kg4xh4} (39... Nd8 $142 $5 $17) 40. Nxc6 $11 Kxh4 {Schwarz hat
einen neuen Freibauern: h5} 41. Ne7 $2 {Sd4, Springertausch, Schlagen des d-,
und Vorrücken des e-Bauern wäre vermutlich en theoretisches Remis geworden.
Auch wenn Schwarz schneller ist, wird er nur Dauerschach haben. Nun wird es
eng.. Weiß droht Materialgewinn: Se7xd5} Kg3 42. e4 {Frechheit siegt... Nach
dem Bauerntausch opfert sich der weisse Springer gegen den Bauern und die
Sache geht am Damenflügel umgekehrt weiter... Die beiden nehmen auch keine
Rücksicht auf meine angegriffenen Nerven...} dxe4+ 43. Kxe4 Ng7 44. Nd5 $2 {
Sg6 und ich hätte es sofort Remis gegeben... Langsam krieg ich hier echt
Herzrasen...} (44. Ng6 Kg4 $11) 44... h4 45. Ne3 h3 {Der Freibauer marschiert}
46. a4 Ne8 47. Ke5 Kf3 {Herr Ober, nen Doppelten, ach nee... nen Dreifach...
ach bringen sie einfach die ganze Flasche.... Schwarz droht Materialgewinn:
Kf3xe3} 48. Nf1 Nc7 49. Kd6 {Weiß droht Materialgewinn: Kd6xc7} Kf2 {Schwarz
droht Materialgewinn: Kf2xf1} 50. Nh2 Na8 51. b5 {Weiß droht Materialgewinn:
b5xa6} (51. Kc6 Kg3 52. Nf1+ Kf3 53. Nh2+ Kg2 $11) 51... Kg3 52. Nf1+ Kg2 53.
Ne3+ {Der Springer plant Sf1-e3-g4-h2} Kf2 54. Ng4+ Kf3 {Schwarz droht
Materialgewinn: Kf3xg4} 55. Nh2+ {h3 ist vorerst gestoppt} Kg2 {An dieser
Stelle bleibt nicht als die Partie Remis zu geben. Will Schwarz
Stellungswiederholungen vermeiden, dann tauscht er auf b5 und der Springertanz
fängt von Neuem an. Ändern wird es nicht. Die Sensation ist (fast) perfekt.
Der kleine Cyrus II trotzt dem 400 Elopunkte stärkeren Gegner ein Remis ab.
Und fast hätte er sogar den ganzen Punkt geholt. Eine wunderbare Leistung.}
1/2-1/2

[Event "CB-Emu swiss"]
[Site "?"]
[Date "2017.03.19"]
[Round "1"]
[White "Milano, Mephisto"]
[Black "Colossus 4, C64."]
[Result "1-0"]
[WhiteElo "2060"]
[BlackElo "1800"]
[Annotator "Fritz 15 (60s)"]
[PlyCount "77"]
[EventDate "2017.??.??"]

{Tja, da hatte ich während der Partie so viele schöne Kommentare geschrieben
und dann ist das verflixte Programm abgestürzt. Da die Kommentare fast alle
live gemacht wurden kann man das vom ganzen Feeling während der Partie so
nicht wieder herstellen. Ich belasse es daher an dieser Stelle bei der
Vorstellung der Kontrahenten und einem kurzen Überblick und überlasse das
Kommentieren als solches dem guten Freund von nebenan, dem lieben Fritz 15.
Bei Colossus handelt es sich wohl um das fortschrittlichste Programm auf dem
C64. Im Gegensatz zu allen anderen Programmen kann man es bis auf 60 MHz
hochschaukeln. Bei den meisten anderen ist bei 40-45 MHz Schluss. Hier spielt
vor allem eine Rolle wie der Programmierer die verschiedenen
Hardwarekomponenten des Rechners anspricht. Und das hat Martin Bryant
hervorragend im Griff. Bleibt man auf dem normalen Brett dann hat das Programm
volle Rechenpower. Geht man hingegen in den Anzeigenmodus, wo man sich
Varianten etc. ansehen kann, dann geht das Programm auf ca. 40 MHz in der
Emulationsgeschwindigkeit runter, weswegen ich diese Optionen meist vermieden
habe. Der Milano läuft unter der MESS-Emu mit etwa 36 MHz. Mehr konnte ich da
nicht herauskitzeln. Wie immer war ich bei beiden Programmen ja gezwungen,
eine Geschwindigkeit zu wählen in der die Programme auch wirklich stabil
laufen und die Geschwindigkeit nicht schwankt. Wie immer wurde beiden
Programmen jeweil ein Kern meines X4-Rechners mit hoher Priorität zugewiesen
während alle anderen Systemtasks auf die beiden anderen Kerne verwiesen wurden.
Colossus konnte in dieser Partie lange Zeit gut mithalten, obwohl er
schlechter aus der Eröffnung kam. Im Gegensatz zu den meisten Programmen teilt
er sich die Bedenkzeit recht intelligent ja geradezu menschlich ein. In
schwierigen Situationen rechnet er aber - ebenso wie ein Mensch - leider auch
manchmal zu lang. So begann in dieser Partie nach dem 23. Zug eine
Zeitnotphase in der er dann nur noch ca. 15 Minuten für die restlichen Züge
übrig hatte und dann ins Blitzen geriet. Dummerweise hatte der Milano noch
jede Menge Zeit und während Colossus nun sehr schnell zog, konnte sich der
Milano auf seinem Polster durchaus längere Überlegungen leisten. Das ging dann
letztlich nicht wirklich gut für Colossus aus. Er kam dann ins Schleudern und
der Milano konnte die Partie sicher heimbringen. C25: Wiener Partie} 1. e4 e5
2. Nc3 Bc5 3. Nf3 d6 4. d4 exd4 5. Nxd4 Nf6 6. Bg5 O-O (6... h6 7. Bh4 Nc6 8.
Nb3 Bb4 9. Bd3 Bxc3+ 10. bxc3 g5 11. Bg3 Qe7 12. O-O Bd7 13. c4 O-O-O 14. f3 h5
15. c5 d5 16. e5 Ne8 17. Re1 Ng7 18. Bf1 Nf5 19. Bf2 d4 20. Qd2 g4 21. f4 {
Bellini,F (2380)-Belotti,B (2355) Cesenatico 1986 0-1 (34)}) 7. Nd5 (7. Be2 h6
8. Bh4 Re8 9. O-O g5 10. Bg3 Nxe4 11. Nxe4 Rxe4 12. Nb3 Bb6 13. Kh1 Nc6 14. Bd3
Re7 15. Qh5 Qf8 16. f4 Qg7 17. c3 Bd7 18. Nd2 Be3 19. f5 Bxf5 20. Rxf5 Bxd2 21.
Raf1 Rf8 {Olsar,J (2317)-Chlevistan,J (2111) Ostrava 2010 1-0 (43)}) 7... Re8
$146 (7... Nbd7 8. c3 a5 9. Qf3 Re8 10. Bxf6 Nxf6 11. Nxf6+ Qxf6 12. Qxf6 Rxe4+
13. Kd2 gxf6 14. f3 Re5 15. Nb3 Be3+ 16. Kc2 c5 17. c4 a4 18. Nd2 a3 19. b3 Bd4
20. Rd1 Re3 21. Bd3 b5 22. cxb5 {Thielemann,J (1959)-Gabriel,J (2204) Halle
2007 0-1 (35)}) 8. f3 {Befestigt e4+g4} Nbd7 9. Nb5 $4 {vergibt den Vorteil} (
9. b4 Bb6 10. Nf5 h6 $11) 9... Bb6 $4 {danach kann Schwarz alle Träume begraben
} (9... c6 $142 {nun kommt Schwarz in Vorteil} 10. Ndc7 cxb5 11. Nxa8 h6 $19)
10. Bc4 {Schwarz hat eine gedrückte Stellung. Die schwarze Figur kann nicht
ziehen: c8} (10. Qd2 Re5 $14) 10... Re5 {Mit diesem Turmzug begann das ganze
Übel der Partie. Colossus rachte sich mit diesem Turm immer wieder in
Schwierigkeiten, verbrauchte dann zuviel Zeit um diese Schwierigkeiten dann zu
meistern, und verlor dann weil er auf die letzten Züge zu wenig Zeit hatte..}
11. Qd2 h6 12. Bh4 Rh5 13. Bxf6 Nxf6 14. Nxb6 axb6 15. O-O Be6 16. Bxe6 Rxb5
17. Bb3 Qe7 18. Rad1 Re5 19. Rfe1 Raa5 {Es scheint eine Krankheit zu sein,
alle Türme auf die 5. Reihe bringen zu wollen. Ist mir das früher nur nie
aufgefallen oder entwickelt Colossus diesen Wahn nur in dieser Partie?} 20. c4
Nd7 21. a3 Qe6 22. Qe3 Nc5 (22... Qf6 $142 $11 {und Schwarz spielt mit}) 23.
Ba2 $16 Ra4 24. b4 Nd7 25. f4 Rh5 26. Re2 (26. Rd3 Qe7 27. Qe2 g6 $18) 26...
Qg4 27. Red2 Rh4 $2 {Ein seltsames Bild. Erst stehen beide Türme auf der 5.
Reihe rum, jetzt sind sie auf den Randlinien der 4. Reihe...} (27... Nf8 $142
$5 $16) 28. g3 (28. Qb3 $5 Ra8 29. c5 Qg6 30. cxd6 c5 $18) 28... g5 29. Qb3 Ra8
$2 (29... gxf4 $142 30. Qxa4 Ne5 $18) 30. c5 Rf8 {Die Stellung ist eigentlich
für Schwarz schon kaum mehr spielbar. Aber in Zeitnot bricht er jetzt total
ein.} (30... gxf4 {ändert nichts am Ausgang der Partie} 31. Qxf7+ Kh8 32. Be6
$18) 31. cxd6 c6 (31... c5 {nützt auch nichts mehr} 32. Rf1 Rh5 33. bxc5 bxc5
34. Qxb7 $18) 32. Rf1 Rh5 (32... Kh8 {würde die Partie unwesentlich verlängern}
33. Qc3+ Kh7 34. fxg5 hxg5 35. Rxf7+ Rxf7 36. Bxf7 Qh3 $18) 33. fxg5 Ne5 34. d7
$1 {Ablenkung: f7} Rd8 (34... Nxd7 35. Rxf7 {Ablenkung}) 35. Rxf7 Kh8 (35...
Rxg5 {hilft auch nicht mehr} 36. Rf4+ Kh7 37. Rxg4 Rxg4 38. Qe6 Nf3+ 39. Kh1
Nxd2 40. Qxg4 Nb3 41. Qf5+ Kg7 42. Bxb3 Rf8 43. Qxf8+ Kxf8 44. d8=Q+ Kg7 45.
Qe7+ Kh8 46. Qf8+ Kh7 47. Qg8#) 36. Re7 (36. Rf8+ Rxf8 37. d8=Q Qc8 38. Qe6
Qxd8 39. Rxd8 Nf3+ 40. Kf2 Rxh2+ 41. Ke3 Re2+ 42. Kxe2 Nd4+ 43. Rxd4 Rf2+ 44.
Kxf2 hxg5 45. Qg8#) 36... Nf3+ 37. Kh1 Rxg5 38. Re8+ Kh7 (38... Rg8 {hilft
allerdings auch nicht} 39. Rxg8+ Qxg8 40. Qxg8+ Rxg8 41. Bxg8 Nxd2 42. d8=Q
Nxe4 43. Be6+ Kg7 44. Qe7+ Kh8 45. Qf8+ Kh7 46. Qg8#) 39. Rxd8 (39. Rxd8 Rg7
40. Rh8+ Kxh8 41. d8=Q+ Kh7 42. Qbg8+ Rxg8 43. Rd7+ Kh8 44. Qf6+ Qg7 45. Rxg7
Rxg7 46. Qxh6+ Rh7 47. Qf8#) 1-0

[Event "CB-Emu swiss"]
[Site "?"]
[Date "2017.03.20"]
[Round "1"]
[White "Chess 7.5, C64."]
[Black "Polgar, Mephisto"]
[Result "1/2-1/2"]
[WhiteElo "1600"]
[BlackElo "2100"]
[Annotator "Fritz 15 (60s)"]
[PlyCount "34"]
[EventDate "2017.??.??"]

{Chess 7.5 ist eine Weiterentwicklung des Programms Chess 7.0 von Larry Atkins.
Leider eine Weiterentwicklung die unter der Emulation weniger Leistung zeigen
dürfte als der Vorgänger. Da auf höchster Stufe nur eine Bedenkzeit von knapp
4 Minuten erreicht wird, kann die schnellere CPU hier nur dann wirkliche
Vorteile ziehen, wenn sie den richtigen Zug pondern kann... Naja, wenigstens
gehen bei diesem Mammutturnier dann die Partien schneller. Chess 7.5 läuft wie
sein Vorgänger auf der SCPU-Emulation von Vice mit doppelter Geschwindigkeit 
(entspriicht einem 6502 mit 40 MHz). B13: Caro-Kann (Abtausch-Variante 4.c4)} 
1. e4 c6 2. d4 d5 3. exd5 cxd5 4. c4 Nf6 5. Nc3 Nc6 6. Bg5 Qa5 {Ab hier
beginnt Chess 7.5 zu rechnen} 7. Bxf6 exf6 8. cxd5 Bb4 9. dxc6 {Ab jetzt muss
auch der Polgar die grauen Zellen benutzen. Aber da sollte es im Moment nicht
viel zum Rechnen geben. Die nächsten Züge liegen eigentlich auf der Hand} Bxc3+
10. bxc3 {Dieses Abspiel der Austauschvariante ist für Schwarz etwas besser.
Der weisse König verliert das Rochaderecht und sollte Schwarz gerade keine
große Lust verspüren kann er auf jeden Fall Remis erzwingen, z.B. mit 10. ...
Dxc3 11. Ke2 0-0 12. f3 Te8+ 13. Kf2 De3+ 14. Kg3 Dg5+ 15. Kf2 und
Zugwiederholung. Aber ich hoffe mal der Polgar will etwas mehr...} Qxc3+ {
Uiuiui... der Polgar zeigt gerade genau diese oben erwähnte Remisvariante in
seiner Infoanzeige an. Er wird doch nicht...} 11. Ke2 O-O 12. f3 Re8+ 13. Kf2 {
... oh doch, ich fürchte er wird...} Qe3+ 14. Kg3 Qg5+ 15. Kf2 Qe3+ 16. Kg3
Qg5+ 17. Kf2 Qe3+ $146 {und da war es passiert. Wenn man dem Polgar sagen
könnte, dass sein Gegner geschätzt 500 ELO-Punkte weniger hat, würden ihm
vermutlich die Transistoren durchbrennen} 1/2-1/2

[Event "CB-Emu swiss"]
[Site "?"]
[Date "2017.03.21"]
[Round "1"]
[White "MM IV, Mephisto"]
[Black "Super 9 Sensory Chess Challen, Fidelity"]
[Result "1-0"]
[WhiteElo "2150"]
[BlackElo "1740"]
[Annotator "Fritz 15 (60s)"]
[PlyCount "93"]
[EventDate "2017.??.??"]

{D87: Grünfeldindisch (Abtauschvariante, Botwinnik-Variante)} 1. d4 Nf6 2. c4
g6 3. Nc3 d5 4. cxd5 Nxd5 5. e4 Nxc3 6. bxc3 Bg7 7. Bc4 O-O 8. Ne2 c5 9. Be3
cxd4 10. cxd4 Qa5+ 11. Bd2 Qd8 (11... Qa3 12. Rb1 Nc6 13. d5 Ne5 14. Bb4 Qf3
15. O-O Qxe4 16. Bb5 Qh4 17. Be1 Ng4 18. h3 Nf6 19. Bb4 Ne4 20. g3 Qf6 21. Bd3
Nd6 22. Nf4 Bh6 23. Bd2 Bf5 24. Bxf5 Qxf5 25. Re1 Rfe8 26. Rb3 {Van der Marel,
B (2229)-L'Ami,E (2295) Groningen 2000 0-1 (41)}) (11... Qc7 12. Rc1 Nc6 13.
O-O Rd8 14. Qb3 Rf8 15. Bb5 Qb6 16. Bxc6 Qxb3 17. axb3 bxc6 18. Rxc6 Bb7 19.
Rc7 Bxe4 20. Rxe7 Bd3 21. d5 Rfe8 22. Rxe8+ Rxe8 23. Nf4 Bxf1 24. Kxf1 Rd8 25.
h4 Be5 26. b4 {Dolle,S (1683)-Robers,F (1638) Germany 2012 0-1 (46)}) 12. Bc3
Nd7 $146 (12... Nc6 13. Qd2 (13. O-O Na5 14. Bd3 Bg4 15. f3 Bd7 16. Qd2 b6 17.
Rac1 Nc6 18. f4 Bg4 19. d5 Bxe2 20. Bxe2 Na5 21. Bxg7 Kxg7 22. Ba6 Rb8 23. a4
Nb7 24. Bxb7 Rxb7 25. Qd4+ f6 26. Rc6 Rc7 27. Rfc1 Rxc6 {De Lagontrie,J (1889)
-Guillet,J (1573) Elancourt 2009 1-0 (31)}) 13... Qd6 14. O-O Rd8 15. Rad1 e5
16. d5 Qc5 17. Bd3 Nd4 18. Nxd4 exd4 19. Bb4 Qc7 20. Rc1 Qe5 21. f4 Qh5 22. Rc7
Rb8 23. Rfc1 g5 24. Be7 Re8 25. Bb5 Bg4 26. Bxe8 Rxe8 27. d6 {Cruz Filho,
O-Almeida Soares,J Rio de Janeiro 1948 1-0 (32)}) (12... Qc7 13. Bd3 Nc6 14.
O-O Bg4 15. f3 Bd7 16. Qd2 Rac8 17. Rab1 a6 18. a4 Rfd8 19. Rfc1 Qb8 20. Kh1
Qa7 21. Qb2 Nxd4 22. Nxd4 Rxc3 23. Qxc3 Bxa4 24. Bc2 Qxd4 25. Qxd4 Rxd4 26.
Bxa4 Rxa4 27. Rc8+ {Hildebrand,G-Seyb,N BdF 2007 1-0 (44)}) 13. Rb1 Nb6 14. Ba5
Qd6 15. Bxb6 axb6 {Schwarz hat zwar das Läuferpaar, aber auch einen schwachen
Doppelbauern.} 16. O-O Be6 17. d5 (17. e5 Qd7 18. Bxe6 Qxe6 $11) 17... Bd7 18.
Qd2 f5 (18... Ra4 19. Qd3 $15) 19. exf5 $11 Bxf5 20. Rbc1 e6 (20... Bd7 21.
Rfe1 $11) 21. Ng3 b5 22. Bb3 Rad8 (22... Kh8 23. Rcd1 exd5 24. Qxd5 $14) 23.
Rcd1 Bg4 24. f3 Bf5 25. Kh1 e5 26. Rc1 Bd7 $2 (26... Kh8 $142 $5 $16) 27. Ne4
$18 Qb6 28. Rc7 $1 {Hinlenkung: c7} Kh8 (28... Qxc7 29. d6+ {Freibauer
Hinlenkung Doppelangriff}) 29. Rfc1 Bc6 $2 (29... Bf5 $142 30. Ng5 Rd7 31. Rxd7
Bxd7 $16) 30. Re7 $18 Rfe8 31. Qg5 Rxe7 32. Qxe7 Re8 33. Qf7 Rf8 34. Qe6 Qe3
35. Rd1 Re8 (35... Be8 {ändert nichts mehr} 36. Nd6 Qe2 37. Qe7 $18) 36. Qf7
Rf8 37. Qe7 Re8 38. Qc7 Bxd5 39. Bxd5 Rf8 40. Nd6 Qe2 (40... h6 {wäre
gleichermaßen fruchtlos} 41. Qxb7 Qe2 42. Bb3 $18) 41. Bb3 e4 (41... h6 {
ist noch eine Idee} 42. Ne4 g5 $18) 42. Nf7+ Kg8 43. Ng5+ Kh8 44. Ne6 Rg8 45.
Nf4 Qe3 46. Bxg8 exf3 (46... Kxg8 {holt die Kuh nicht vom Eis} 47. Qc8+ Bf8 48.
Ne6 Qa3 49. fxe4 Qc5 50. Nxc5 Kg7 51. Ne6+ Kf6 52. Qxf8+ Kxe6 53. Qd6+ Kf7 54.
Rf1+ Kg8 55. Qf8#) 47. Bc4 $1 {mit Mattangriff} (47. Bc4 h5 48. Qf7 fxg2+ 49.
Nxg2 Qe8 50. Qxe8+ Kh7 51. Bg8+ Kh6 52. Qe3+ g5 53. Qe6+ Bf6 54. Qxf6#) 1-0